Transformaciones y crisis de los partidos políticos : la nueva configuración del sistema de partidos en Venezuela / José Antonio Rivas Leone la nueva configuración del sistema de partidos en Venezuela / José Antonio Rivas Leone
Descripción Física:
45 p. ; 21 cm
MARC
| LEADER | 00000nam a2200000Ia 4500 | ||
|---|---|---|---|
| 001 | 14738 | ||
| 008 | 160829s2002 xx 000 0 cat d | ||
| 080 | |a FU-3-69 | ||
| 100 | |a Rivas Leone, José Antonio |9 23857 | ||
| 245 | |a Transformaciones y crisis de los partidos políticos : |b la nueva configuración del sistema de partidos en Venezuela / José Antonio Rivas Leone | ||
| 260 | |a Barcelona : |b Institut de Ciències Polítiques i Socials, |c 2002 | ||
| 300 | |a 45 p. ; |c 21 cm | ||
| 490 | |a Working papers / Institut de Ciències Polítiques i Socials ; 202 | ||
| 590 | |a Bibliografia | ||
| 650 | |a Veneçuela |x Política i govern |9 23858 | ||
| 650 | |a Partits polítics |x Veneçuela |9 23859 | ||
| 710 | 2 | |a Institut de Ciències Polítiques i Socials (Barcelona, Catalunya) |9 55871 | |
| 901 | |a Arxiu | ||
| 942 | |n 1 | ||
| 952 | |0 0 |1 0 |4 0 |6 FU369 |7 1 |9 42889 |a Arxiu |b Arxiu |d 2016-12-01 |l 0 |o FU-3-69 |p 14738 |r 2016-12-01 00:00:00 |w 2016-12-01 |y ARXIU | ||
| 999 | |c 45395 |d 45395 | ||